Southville International School and Colleges
Your cart is empty.
  • Cart
  • Lists
    Public lists Eva Luna New books Lux_list list_1
    Your lists Log in to create your own lists
  • Log in to your account
  • Your cookies
  • Search history
Southville International School and Colleges
  • Advanced search
  • Recent comments
  • Most popular
  • Libraries

Log in to your account

Log in with GOOGLE


If you do not have an external account, but do have a local account, you can still log in:

  1. Home
  2. MARC view: Dragon quest /
Normal view MARC view ISBD view

Dragon quest / (Record no. 12479)

[ view plain ]
MARC details
000 -LEADER
fixed length control field 00442nam a22001817a 4500
003 - CONTROL NUMBER IDENTIFIER
control field PILC
005 - DATE AND TIME OF LATEST TRANSACTION
control field 20151020141109.0
008 - FIXED-LENGTH DATA ELEMENTS--GENERAL INFORMATION
fixed length control field 131001t xxu||||| |||| 00| 0 eng d
020 ## - INTERNATIONAL STANDARD BOOK NUMBER
International Standard Book Number 4081080879
050 ## - LIBRARY OF CONGRESS CALL NUMBER
Classification number PZ 7
Item number .D759 2000
082 ## - DEWEY DECIMAL CLASSIFICATION NUMBER
Classification number GS 794.8
Item number D78 2000
245 ## - TITLE STATEMENT
Title Dragon quest /
260 ## - PUBLICATION, DISTRIBUTION, ETC. (IMPRINT)
Place of publication, distribution, etc Japan,
Date of publication, distribution, etc 2000
300 ## - PHYSICAL DESCRIPTION
Extent 231 p. :
Other physical details ill. col. ;
Dimensions 23 cm.
650 ## - SUBJECT ADDED ENTRY--TOPICAL TERM
Topical term or geographic name as entry element Juvenile Fiction
9 (RLIN) 18103
942 ## - ADDED ENTRY ELEMENTS (KOHA)
Source of classification or shelving scheme Library of Congress Classification
Koha item type Books
Holdings
Withdrawn status Lost status Source of classification or shelving scheme Damaged status Home library Current library Shelving location Date acquired Source of acquisition Total Checkouts Full call number Barcode Date last seen Copy number Price effective from Koha item type Public note
    Library of Congress Classification   Luxembourg Library Luxembourg Library Grade School Section 10/01/2013 Donation   PZ 7 .D759 2000 13961 10/01/2013 1 10/01/2013 Books lost in Inventory AY. 2012-2013-found

Dragon quest /

APA

(2000). Dragon quest. Japan: .

Chicago

2000. Dragon quest. Japan: .

Harvard

(2000). Dragon quest. Japan: .

MLA

Dragon quest. Japan: . 2000.

  • Place hold
  • Print
  • Cite
  • Add to your cart (remove)
  • Save record
    BIBTEX Dublin Core MARCXML MARC (non-Unicode/MARC-8) MARC (Unicode/UTF-8) MARC (Unicode/UTF-8, Standard) MODS (XML) RIS
  • More searches
    Search for this title in:
    Other Libraries (WorldCat) Other Databases (Google Scholar) Online Stores (Bookfinder.com) Open Library (openlibrary.org)

Exporting to Dublin Core...

SOUTHVILLE LIBRARY

Southville International School and Colleges Library

1281 Tropical Ave. Cor. Luxembourg St., BF Homes International, Las Pinas City

Tel. No. 8256374 / 252358 Loc. 117/146

Powered by Koha